000 00770nas a2200241 4500
001 BR9501796
003 BR-BrBNA
005 20231205094313.0
007 ta
008 230509b bl.|||p| |||| 00| 00por d
040 _aBR-BrBNA
_bpor
_cBiblioteca Nacional de Agricultura
041 _a(Pt)
072 _aQ52
100 1 _aCastro, F.B. de
100 1 _aMachado, P.F.
245 1 _aEfeito da compactacao, teor de materia seca e intensidade de hidrolise na conservacao do bagaco de cana auto-hidrolisado
650 _aSilagem
650 _aCana de Acucar
650 _aBagaco
773 0 _tBoletim de Industria Animal (Brazil)
_xISSN 0067-9615
_g(Jul-Dec 1991), v. 48(2) p.149-154
_wBR9501796
909 _a202311
_bLúcia
_c55
_dLúcia Elande
942 _2AGRIS
_n0
_cANA
999 _c143443
_d143443